LEADER 01553nam--2200433---450- 001 990001442790203316 005 20050606120452.0 035 $a000144279 035 $aUSA01000144279 035 $a(ALEPH)000144279USA01 035 $a000144279 100 $a20040220d1971----km-y0itay0103----ba 101 0 $aita 102 $aIT 105 $a||||||||001yy 200 1 $aOpere$fJoseph Butler$gAlbino Babolin 210 $aFirenze$csansoni$d1971 215 $av.$d24 cm 327 1 $a<> : Corrispondenza sei sermoni allocuzioni. A cura di Albino Babolin, 1971, 340 p. - <> : I quindici sermoni. A cura di Albino Babolin, 1969, 239 p., ill. - <> : L'analogia della religione naturale e rivelata con la costituzione e il corso della natura. A cura di Albino Babolin, 1970, 352 p. 410 0$12001 454 1$12001 461 1$1001-------$12001 676 $a201 700 1$aBUTLER,$bJoseph$0160912 702 1$aBABOLIN,$bAlbino 801 0$aIT$bsalbc$gISBD 912 $a990001442790203316 951 $aII.2. 2896/1(IV A Coll. 205/2)$b76690 L.M.$cIV A 951 $aII.2. 2896/2(IV A Coll. 205/3)$b77108 L.M.$cIV A 951 $aII.2. 2896/3(IV A Coll. 205/4)$b76691 L.M.$cIV A 959 $aBK 969 $aUMA 979 $aSIAV2$b10$c20040220$lUSA01$h1336 979 $aPATRY$b90$c20040406$lUSA01$h1741 979 $aCOPAT2$b90$c20050606$lUSA01$h1203 979 $aCOPAT2$b90$c20050606$lUSA01$h1203 979 $aCOPAT2$b90$c20050606$lUSA01$h1204 996 $aOpere$9935713 997 $aUNISA LEADER 01367nam--2200397---450- 001 990003545660203316 005 20120419155049.0 010 $a978-88-7870-557-9 035 $a000354566 035 $aUSA01000354566 035 $a(ALEPH)000354566USA01 035 $a000354566 100 $a20110630d2011----km-y0itay50------ba 101 0 $aita 102 $aIT 105 $a||||||||001yy 200 1 $aA colloquio con Luciano di Samosata$eLeon Battista Alberti, Giovanni Pontano ed Erasmo da Rotterdam$fLoranzo Geri 210 $aRoma$cBulzoni$d2011 215 $a279 p.$d24 cm 225 2 $aStudi (e testi) italiani$v23 410 0$12001$aStudi (e testi) italiani$v23 600 1$aAlberti, Leon Battista [e] Pontano, Giovanni [e] Erasmo : da Rotterdam$xOpere$xInflussi di Luciano di Samosata$2BNCF 676 $a879 700 1$aGERI,$bLorenzo$0610216 801 0$aIT$bsalbc$gISBD 912 $a990003545660203316 951 $aVIII.3. 1040$b231645 L.M.$cVIII.3.$d00297468 951 $aVIII.3. 1040 a$b232099 L.M.$cVIII.3.$d00309799 959 $aBK 969 $aUMA 979 $aPASSARO$b90$c20110630$lUSA01$h1231 979 $aPASSARO$b90$c20110630$lUSA01$h1236 979 $aPASSARO$b90$c20110630$lUSA01$h1250 979 $aMARTUCCIEL$b90$c20120419$lUSA01$h1550 996 $aA colloquio con Luciano di Samosata$91116638 997 $aUNISA